| 000 | 00481pab a2200181 454500 | ||
|---|---|---|---|
| 008 | 180718b2001 xxu||||| |||| 00| 0 eng d | ||
| 100 | _aSharma, H.R. | ||
| 245 | _aNew agricultural technology and farm size productivity relationship: a village level analysis | ||
| 260 | _c2001 | ||
| 300 | _ap.210-22 | ||
| 362 | _aAug | ||
| 650 | _aFarm size | ||
| 650 | _aAgriculture | ||
| 700 | _aVirender Kumar | ||
| 700 | _aJog Raj | ||
| 773 | _aAsian Economic Review | ||
| 909 | _a50738 | ||
| 999 |
_c50738 _d50738 |
||